Sister cities of Nairobi with a map - Statistics

General Stats
  • This quiz has been taken 27 times
  • The average score is 4 of 6
Answers on the Map
Answers color-coded by a green-red scale on the quiz's map according to % correct below.
 
Answer Stats
City % Correct
Addis Ababa
100%
Denver
84%
Raleigh
63%
Kunming
58%
São Luís
53%
Lowell
16%
No matching quizzes found
Score Distribution
Percent of People with Each Score
Percentile by Number Answered
Your Score History
You have not taken this quiz